LEADER 02956nam 2200697Ia 450 001 9910461722803321 005 20200520144314.0 010 $a1-280-65884-3 010 $a9786613635778 010 $a0-7391-6512-7 035 $a(CKB)2670000000155032 035 $a(EBL)862639 035 $a(OCoLC)778339884 035 $a(SSID)ssj0001143227 035 $a(PQKBManifestationID)12376063 035 $a(PQKBTitleCode)TC0001143227 035 $a(PQKBWorkID)11110439 035 $a(PQKB)10057906 035 $a(SSID)ssj0000614179 035 $a(PQKBManifestationID)12220708 035 $a(PQKBTitleCode)TC0000614179 035 $a(PQKBWorkID)10604484 035 $a(PQKB)11314895 035 $a(MiAaPQ)EBC862639 035 $a(PPN)175171564 035 $a(Au-PeEL)EBL862639 035 $a(CaPaEBR)ebr10552009 035 $a(CaONFJC)MIL363577 035 $a(EXLCZ)992670000000155032 100 $a20110719d2012 uy 0 101 0 $aeng 135 $aur|n|---||||| 181 $ctxt 182 $cc 183 $acr 200 04$aThe challenge of the threshold$b[electronic resource] $eborder closures and migration movements in Africa /$fedited by Jocelyne Streiff-Fn?art and Aurelia Segatti 210 $aLanham, MD $cLexington Books$dc2012 215 $a1 online resource (289 p.) 300 $aDescription based upon print version of record. 311 $a0-7391-6511-9 311 $a0-7391-6510-0 320 $aIncludes bibliographical references and index. 327 $aCover; HalfTitle; Title; Copyright; Contents; Introduction; Part I; Chapter 1; Chapter 2; Chapter 3; Chapter 4; Part II; Chapter 5; Chapter 6; Chapter 7; Chapter 8; Part III; Chapter 9; Chapter 10; Chapter 11; Chapter 12; Chapter 13; Bibliography; Index; About the Contributors; List of Acronyms 330 $aThe containment policies aimed at regulating immigration flows towards Europe and emerging economies like South Africa have profoundly altered the dynamics of migration in Africa. Drawing on original empirical research, this volume explores the notion of threshold as an operative concept to envisage in turn: the discursive frameworks of containment policies, the challenges to local spaces and their equilibrium, and finally, the sense of liminality experienced by migrants caught in those situations. 606 $aEmigration and immigration 606 $aAfricans$xMigrations 607 $aAfrica$xEmigration and immigration 607 $aEurope$xEmigration and immigration 608 $aElectronic books. 615 0$aEmigration and immigration. 615 0$aAfricans$xMigrations. 676 $a304.8096 701 $aStreiff-Fenart$b Jocelyne$0685171 701 $aKabwe-Segatti$b Aurelia Wa$0881172 801 0$bMiAaPQ 801 1$bMiAaPQ 801 2$bMiAaPQ 906 $aBOOK 912 $a9910461722803321 996 $aThe challenge of the threshold$91967955 997 $aUNINA LEADER 03764 am 2200973 n 450 001 9910287942503321 005 20180903 010 $a979-1-02-401104-2 024 7 $a10.4000/books.purh.11976 035 $a(CKB)4100000006999851 035 $a(FrMaCLE)OB-purh-11976 035 $a(oapen)https://directory.doabooks.org/handle/20.500.12854/41492 035 $a(PPN)231560117 035 $a(EXLCZ)994100000006999851 100 $a20181008j|||||||| ||| 0 101 0 $afre 135 $auu||||||m|||| 181 $ctxt$2rdacontent 182 $cc$2rdamedia 183 $acr$2rdacarrier 200 10$aAtlas de l'estuaire de la Seine /$fMadeleine Brocard, Claude Lévêque 210 $aMont-Saint-Aignan $cPresses universitaires de Rouen et du Havre$d2018 215 $a1 online resource (155 p.) 311 $a2-87775-210-0 330 $aL'atlas de l'estuaire de la Seine est le fruit d'une collaboration entre les chercheurs des universités du Havre et de Rouen et l'Observatoire Population et Habitat de la Ville du Havre. II porte sur un territoire aux contours encore indéterminés mais qui pourrait se concrétiser grâce au franchissement de l'estuaire par le pont de Normandie. L'aménagement, l'environnement, les habitants, les activités, les services urbains, l'attractivité des villes sont abordés sous l'angle des problématiques et des enjeux qui s'expriment actuellement sur cet espace. Ouvrage exploratoire, sa publication inaugure une série de travaux et de recherches qui ne manqueront pas de voir le jour au sein des universités normandes et des institutions locales. Ouvrage de recherche et de prospective, l'atlas de l'estuaire a également l'ambition d'être un outil d'information et de documentation pour tous les décideurs qui s'intéressent de près ou de loin à ce nouveau territoire. 606 $aGeography 606 $aUrban Studies 606 $aenvironnement 606 $aurbanisme 606 $ahabitat 606 $apopulation 606 $atransport 606 $aHavre 606 $aSeine 606 $aLisieux 606 $aBernay 610 $aurbanisme 610 $ahabitat 610 $aBernay 610 $aHavre 610 $aLisieux 610 $aenvironnement 610 $atransport 610 $apopulation 610 $aSeine 615 4$aGeography 615 4$aUrban Studies 615 4$aenvironnement 615 4$aurbanisme 615 4$ahabitat 615 4$apopulation 615 4$atransport 615 4$aHavre 615 4$aSeine 615 4$aLisieux 615 4$aBernay 700 $aBallereau$b Séverine$01319622 701 $aBessineton$b Christophe$01319623 701 $aBourcier$b Alban$0273552 701 $aBrocard$b Madeleine$0248299 701 $aBussi$b Michel$0753551 701 $aChappuis$b Anne$01304624 701 $aChédot$b Cyril$01319624 701 $aCousin$b Marie- Hélène$01319625 701 $aCousin$b Marie-Hélène$01319625 701 $aDelmas$b Véronique$01319626 701 $aFrémont$b Antoine$01319627 701 $aGosset$b Claude$01319628 701 $aLecoquierre$b Bruno$01300154 701 $aLecoqulerre$b Bruno$01319629 701 $aLegoy$b Jean$01305419 701 $aLesueur$b Cédric$01319630 701 $aLévêque$b Laurent$01299292 701 $aMallet$b Pascal$01316608 701 $aPican$b Annie$01319631 701 $aSteck$b Benjamin$01233313 701 $aThorez$b Pierre$01300163 701 $aBrocard$b Madeleine$0248299 701 $aLévêque$b Claude$01319632 801 0$bFR-FrMaCLE 906 $aBOOK 912 $a9910287942503321 996 $aAtlas de l'estuaire de la Seine$93034011 997 $aUNINA